000 00366pab a2200145 454500
008 180718b1988 xxu||||| |||| 00| 0 eng d
100 _aJones, Marrick
245 _aManagerial thinking
_bAn African perspective
260 _c1988
300 _a481-505
362 _aSept.
650 _aExecutives - Africa
773 _aJournal of management Studies
909 _a7902
999 _c7902
_d7902